Un monde en crises / (Record no. 125832)

MARC details
000 -LEADER
campo de control de longitud fija 02472cam a2200421 i 4500
001 - NÚMERO DE CONTROL
campo de control 23490490
003 - IDENTIFICADOR DE NÚMERO DE CONTROL
campo de control BJBSDDR
005 - FECHA Y HORA DE LA ÚLTIMA TRANSACCIÓN
campo de control 20251112154513.0
006 - CÓDIGOS DE INFORMACIÓN DE LONGITUD FIJA--CARACTERÍSTICAS DEL MATERIAL ADICIONAL
campo de control de longitud fija a|||||r|||| 00| 0
007 - CAMPO FIJO DE DESCRIPCIÓN FÍSICA--INFORMACIÓN GENERAL
campo de control de longitud fija ta
008 - DATOS DE LONGITUD FIJA--INFORMACIÓN GENERAL
campo de control de longitud fija 230720s2023 fr ab rb 000 0 fre
010 ## - NÚMERO DE CONTROL DE LA BIBLIOTECA DEL CONGRESO
Número de control de LC 2023427385
020 ## - NÚMERO INTERNACIONAL ESTÁNDAR DEL LIBRO
Número Internacional Estándar del Libro 9782724641400
Información calificativa (paperback)
035 ## - NÚMERO DE CONTROL DEL SISTEMA
Número de control de sistema 23490490
035 ## - NÚMERO DE CONTROL DEL SISTEMA
Número de control de sistema (Fr-PaAMA)AAL08287465-0001
040 ## - FUENTE DE CATALOGACIÓN
Centro catalogador/agencia de origen DLC
Lengua de catalogación eng
Normas de descripción rda
Centro/agencia transcriptor DLC
041 ## - CÓDIGO DE IDIOMA
Código de lengua del texto/banda sonora o título independiente fre
042 ## - CÓDIGO DE AUTENTICACIÓN
Código de autenticación pcc
050 00 - SIGNATURA TOPOGRÁFICA DE LA BIBLIOTECA DEL CONGRESO
Número de clasificación JZ1394
Número de ítem .M741 2023
245 03 - MENCIÓN DEL TÍTULO
Título Un monde en crises /
Mención de responsabilidad, etc. sous la direction de Eberhard Kienle, Carola Klöck, Adrien Estève et Alain Dieckhoff.
264 #1 - PRODUCCIÓN, PUBLICACIÓN, DISTRIBUCIÓN, FABRICACIÓN Y COPYRIGHT
Producción, publicación, distribución, fabricación y copyright Paris :
Nombre del de productor, editor, distribuidor, fabricante SciencesPo, les presses,
Fecha de producción, publicación, distribución, fabricación o copyright [2023]
300 ## - DESCRIPCIÓN FÍSICA
Extensión 176 pages :
Otras características físicas illustrations (chiefly color), color maps ;
Dimensiones 21 cm.
336 ## - TIPO DE CONTENIDO
Término de tipo de contenido text
Código de tipo de contenido txt
Fuente rdacontent
337 ## - TIPO DE MEDIO
Nombre/término del tipo de medio unmediated
Código del tipo de medio n
Fuente rdamedia
338 ## - TIPO DE SOPORTE
Nombre/término del tipo de soporte volume
Código del tipo de soporte nc
Fuente rdacarrier
490 0# - MENCIÓN DE SERIE
Mención de serie L'enjeu mondial
504 ## - NOTA DE BIBLIOGRAFÍA, ETC.
Nota de bibliografía, etc. Includes bibliographical references.
520 ## - RESUMEN, ETC.
Sumario, etc. La marche du monde s'enraye sous l'effet d'une accumulation de crises graves. Dernière en date après la pandémie de Covid-19 et promettant d'être longue, la guerre en Ukraine menace la paix et la sécurité alimentaire à l'échelle mondiale. Elle vient s'ajouter à une fragilisation de la démocratie, notamment en Europe, à l'érosion des normes humanitaires, au creusement des inégalités, à la dislocation de nombreux États, au déclin du multilatéralisme, aux tensions liées à l'approvisionnement énergétique et, surtout, au dérèglement climatique. La singularité de cette constellation de crises réside dans leur intensité exponentielle, dans l'enchevêtrement des défis qu'elles posent et dans l'incapacité des gouvernants et des institutions à les traiter de front. Les chercheurs et chercheuses du Centre de recherches internationales (CERI) de Sciences Po réunis dans cet ouvrage tentent de décrypter les mutations profondes qui se produisent sous nos yeux. »--Quatrième de couverture
650 #0 - PUNTO DE ACCESO ADICIONAL DE MATERIA--TÉRMINO DE MATERIA
Término de materia o nombre geográfico como elemento de entrada International relations
Subdivisión general History
Subdivisión cronológica 21st century.
700 1# - ENTRADA AGREGADA--NOMBRE PERSONAL
Nombre de persona Kienle, Eberhard,
Fechas asociadas al nombre 1957-
Término indicativo de función/relación editor.
9 (RLIN) 45938
700 1# - ENTRADA AGREGADA--NOMBRE PERSONAL
Nombre de persona Klöck, Carola
Término indicativo de función/relación editor.
9 (RLIN) 45939
700 1# - ENTRADA AGREGADA--NOMBRE PERSONAL
Nombre de persona Estève, Adrien
Término indicativo de función/relación editor.
9 (RLIN) 45940
700 1# - ENTRADA AGREGADA--NOMBRE PERSONAL
Nombre de persona Dieckhoff, Alain,
Fechas asociadas al nombre 1958-
Término indicativo de función/relación editor.
9 (RLIN) 45941
906 ## - ELEMENTOS DE DATOS F LOCAL, LDF (RLIN)
a 7
b cbc
c origres
d 3
e ncip
f 20
g y-gencatlg
942 ## - ELEMENTOS DE ENTRADA SECUNDARIOS (KOHA)
Fuente del sistema de clasificación o colocación Clasificación de Library of Congress
Suprimir en OPAC No
Tipo de ítem Koha Libro
946 ## - PROCESAMIENTO DE INFORMACIÓN LOCAL (OCLC)
Iniciales del agente catalogador LLH
Holdings
Estatus retirado Estado de pérdida Fuente del sistema de clasificación o colocación Estado de daño No para préstamo Colección Biblioteca de origen Biblioteca actual Ubicación en estantería Fecha de adquisición Signatura topográfica completa Código de barras Visto por última vez Copia número Tipo de ítem Koha
    Clasificación de Library of Congress     Automatización y Procesos Técnicos Biblioteca Juan Bosch Biblioteca Juan Bosch Automatización y Procesos Técnicos (1er. Piso) 12/11/2025 JZ1394 .M741 2023 00000197893 12/11/2025 1 Libro